[Event "European Rapid 2022"]
[Site "Katowice POL"]
[Date "2022.12.18"]
[Round "10.53"]
[White "Gunnarsson, Arnar"]
[Black "Urh, Zala"]
[Result "1-0"]
[WhiteTitle "IM"]
[BlackTitle "WIM"]
[WhiteElo "2406"]
[BlackElo "2282"]
[WhiteFideId "2300915"]
[BlackFideId "14611481"]
[EventDate "2022.12.17"]

1. c4 Nf6 2. Nc3 e5 3. Nf3 Nc6 4. e3 Bb4 5. Nd5 e4 6. Ng1 O-O 7. Qc2 Re8 8. Ne2
Bd6 9. a3 b6 10. Nec3 Bb7 11. Nxf6+ Qxf6 12. Nxe4 Qg6 13. d3 Be5 14. h4 f5 15.
h5 Qh6 16. Nc3 f4 17. Ne4 fxe3 18. Bxe3 Bf4 19. Bxf4 Qxf4 20. Qd2 Qe5 21. O-O-O
Nd4 22. Kb1 b5 23. c5 Bd5 24. f4 Qe6 25. Qc3 Bb3 26. Re1 Qd5 27. h6 Re6 28. g3
a5 29. Bg2 Qf5 30. Qxd4 Rg6 31. hxg7 Bf7 32. Nf6+ Rxf6 33. Bxa8 Bg6 34. Be4 1-0

[Event "European Rapid 2022"]
[Site "Katowice POL"]
[Date "2022.12.18"]
[Round "10.54"]
[White "Rudzinska, Michalina"]
[Black "Batsiashvili, Nino"]
[Result "1/2-1/2"]
[WhiteTitle "WFM"]
[BlackTitle "GM"]
[WhiteElo "2256"]
[BlackElo "2493"]
[WhiteFideId "1172883"]
[BlackFideId "13602993"]
[EventDate "2022.12.17"]

1. e4 e5 2. Bc4 Nc6 3. Nc3 Nf6 4. d3 Na5 5. Bb3 Nxb3 6. axb3 d5 7. exd5 Nxd5 8.
Nge2 Be6 9. O-O Bd6 10. Nxd5 Bxd5 11. Nc3 Bc6 12. Qg4 O-O 13. Bg5 Qc8 14. Qxc8
Rfxc8 15. Rfe1 f6 16. Bd2 f5 17. Ne2 Re8 18. d4 Be4 19. c4 exd4 20. Nxd4 a6 21.
Bc3 c5 22. Nf3 Bc2 23. Nd2 Bf4 24. b4 cxb4 25. Bxb4 Bd3 26. Nf3 Bxc4 27. Bc3 Bd5
28. Rad1 Bxf3 29. gxf3 Rxe1+ 30. Rxe1 Rc8 31. h4 Kf7 32. h5 Rc7 33. Rd1 Bg5 34.
Rd5 Bf6 35. Ba5 Rc1+ 36. Kg2 Ke6 37. Rd2 Rb1 38. Re2+ Kf7 39. b4 Be7 40. Rc2 Bd6
41. Rc8 b5 42. Rc6 Bxb4 43. Bxb4 Rxb4 44. Rxa6 Rb1 45. f4 Rd1 46. Ra7+ Kf6 47.
Rb7 Rd4 48. Rb6+ Ke7 49. Rxb5 Rxf4 50. f3 Kf6 51. Kg3 Rd4 52. Rb7 Rd6 53. h6
gxh6 54. Rxh7 Kg6 55. Ra7 Rd4 56. f4 Kh5 57. Ra3 Rd1 58. Rb3 Rg1+ 59. Kh3 Rg4
60. Rb4 Kg6 61. Rb6+ Kg7 62. Rb7+ Kg8 63. Rb6 h5 64. Rh6 Kf7 65. Rxh5 Ke6 66.
Rh4 Rg1 67. Kh2 Rg6 68. Rh3 Kd5 69. Rg3 Re6 70. Kg2 Ke4 71. Rf3 Rg6+ 72. Kf2 Ra6
73. Kg3 Rg6+ 74. Kf2 Rg4 75. Ra3 Rxf4+ 76. Ke2 Ke5 77. Ke3 Rh4 78. Ra5+ Kf6 79.
Kf3 Kg5 80. Kf2 Rh3 81. Ra4 Rc3 82. Rb4 Rc1 83. Ra4 Rd1 84. Rb4 Kf6 85. Ra4 Ke5
86. Rb4 Rd2+ 87. Kf3 Rd3+ 88. Kf2 f4 89. Rb8 Rd2+ 90. Kf3 Rd3+ 91. Kf2 Ke4 92.
Re8+ Kf5 93. Rf8+ Kg4 94. Rg8+ 1/2-1/2

[Event "European Rapid 2022"]
[Site "Katowice POL"]
[Date "2022.12.18"]
[Round "10.55"]
[White "Polster, Christian"]
[Black "Kyc, Jerzy"]
[Result "0-1"]
[WhiteTitle "FM"]
[WhiteElo "2235"]
[BlackElo "2230"]
[WhiteFideId "12965081"]
[BlackFideId "1163922"]
[EventDate "2022.12.17"]

1. e4 c5 2. Nc3 g6 3. Nge2 Bg7 4. d4 cxd4 5. Nxd4 Nc6 6. Be3 d6 7. Qd2 Nf6 8. f3
O-O 9. Bc4 Bd7 10. Bb3 Rb8 11. O-O-O b5 12. Nxc6 Bxc6 13. Bh6 a5 14. h4 a4 15.
Bd5 b4 16. Bxg7 Kxg7 17. Bxc6 bxc3 18. Qxc3 Rc8 19. e5 Nd7 20. e6+ Nf6 21. g4
Qb6 22. g5 Rxc6 23. gxf6+ exf6 24. Qd2 fxe6 25. h5 g5 26. h6+ Kg6 27. f4 Rfc8
28. fxg5 Rxc2+ 29. Qxc2+ Rxc2+ 30. Kxc2 fxg5 31. Rhe1 e5 32. Rf1 d5 33. Kb1 a3
34. b3 Qe3 35. Rfe1 Qf2 36. Rxe5 Qb2# 0-1

[Event "European Rapid 2022"]
[Site "Katowice POL"]
[Date "2022.12.18"]
[Round "10.56"]
[White "Uruci, Endrit"]
[Black "Player, Edmund C"]
[Result "1-0"]
[WhiteTitle "FM"]
[WhiteElo "2297"]
[BlackElo "2198"]
[WhiteFideId "22100199"]
[BlackFideId "406520"]
[EventDate "2022.12.17"]

1. d4 d5 2. Nf3 Nf6 3. e3 c5 4. dxc5 Qa5+ 5. Nbd2 Qxc5 6. a3 Nc6 7. b4 Qd6 8.
Bb2 a6 9. c4 dxc4 10. Bxc4 Bg4 11. O-O e6 12. Qe2 Rc8 13. Rfd1 Qb8 14. h3 Bh5
15. Bxf6 gxf6 16. Ne4 Be7 17. Qb2 Ne5 18. Be2 Bxf3 19. Bxf3 Nxf3+ 20. gxf3 Rg8+
21. Kh1 Qe5 22. Rac1 Rxc1 23. Qxc1 Qb8 24. Qd2 Rg6 25. Qd7+ Kf8 26. Rc1 Qe5 27.
Ng3 Qd6 28. Qxb7 Qd2 29. Qc8+ Kg7 30. Qc2 Qd5 31. Qe4 Qd2 32. Rf1 Bd6 33. Nh5+
Kf8 34. Qa8+ Ke7 35. Qb7+ Kf8 36. Qd7 1-0

[Event "European Rapid 2022"]
[Site "Katowice POL"]
[Date "2022.12.18"]
[Round "10.57"]
[White "Gregoric, Andraz"]
[Black "Kozak, Antoni"]
[Result "0-1"]
[WhiteElo "2225"]
[BlackElo "2422"]
[WhiteFideId "14629461"]
[BlackFideId "21832030"]
[EventDate "2022.12.17"]

1. e4 c5 2. Nf3 d6 3. c3 Nf6 4. h3 Nc6 5. Bd3 e5 6. Bc2 d5 7. d3 h6 8. Qe2 d4 9.
O-O Bd6 10. a4 g5 11. Nh2 Be6 12. Na3 a6 13. Qd1 Rg8 14. Bb3 Qd7 15. Bxe6 Qxe6
16. Nc4 Bc7 17. g4 h5 18. Kg2 Kd7 19. Qf3 Ne7 20. b4 cxb4 21. cxb4 Ng6 22. Bxg5
Nh7 23. Qf5 Nxg5 24. Kh1 Nxh3 25. Qxh5 Ngf4 0-1

[Event "European Rapid 2022"]
[Site "Katowice POL"]
[Date "2022.12.18"]
[Round "10.58"]
[White "Pidluznij, Gleb"]
[Black "Haydon, David L"]
[Result "1/2-1/2"]
[BlackTitle "FM"]
[WhiteElo "2159"]
[BlackElo "2289"]
[WhiteFideId "12817082"]
[BlackFideId "415405"]
[EventDate "2022.12.17"]

1. e4 c6 2. d4 d5 3. exd5 cxd5 4. Bd3 Nc6 5. c3 Nf6 6. h3 g6 7. Nf3 Bf5 8. Be2
Qc7 9. O-O Bg7 10. Be3 O-O 11. Nbd2 Rfd8 12. Re1 Ne4 13. Qc1 Rac8 14. Nb3 Qd7
15. Bh6 Bf6 16. Qe3 b6 17. Bf4 Nd6 18. Nbd2 h5 19. Ne5 Bxe5 20. Bxe5 Nxe5 21.
dxe5 Nc4 22. Bxc4 dxc4 23. Nf3 Kg7 24. Nd4 e6 25. Rad1 Qe7 26. Qf4 Bd3 27. h4
Rd5 28. Re3 Rcc5 29. f3 a5 30. a3 b5 31. b4 axb4 32. axb4 Rc7 33. Ra1 Ra7 34.
Qf6+ Kh7 35. Qxe7 Rxe7 36. Ra5 Rb7 37. Re1 Kh6 38. f4 Bf5 39. Kf2 Kg7 40. Rea1
f6 41. Ra7 Rbd7 42. Rxd7+ Rxd7 43. Ra5 fxe5 44. fxe5 g5 45. hxg5 Kg6 46. Rxb5
Kxg5 47. Rc5 Ra7 48. Rxc4 Ra2+ 49. Kg1 Be4 50. Nxe6+ Kf5 51. Nd4+ Kxe5 52. Rc5+
Kf4 53. Rxh5 Rxg2+ 54. Kf1 Rb2 55. Ke1 Rb1+ 56. Kd2 Rb2+ 57. Kc1 Rb1+ 58. Kd2
Rb2+ 59. Ke1 Rb1+ 60. Kf2 Rb2+ 61. Ne2+ Rxe2+ 62. Kxe2 Bf3+ 63. Kd3 Bxh5 64. Kd4
Kf5 65. Kd5 Bf3+ 66. Kd6 Ke4 67. Kc5 Ke5 68. c4 Ke6 69. Kb6 Kd7 70. b5 Kc8 71.
c5 Be2 72. c6 Bxb5 73. Kxb5 Kc7 74. Kc5 Kc8 75. Kd6 Kd8 76. c7+ Kc8 77. Kc6 1/2-1/2

[Event "European Rapid 2022"]
[Site "Katowice POL"]
[Date "2022.12.18"]
[Round "10.59"]
[White "Petursson, Margeir"]
[Black "Minald, Andrey"]
[Result "1/2-1/2"]
[WhiteTitle "GM"]
[WhiteElo "2437"]
[BlackElo "2091"]
[WhiteFideId "2300028"]
[BlackFideId "13506854"]
[EventDate "2022.12.17"]

1. c4 e5 2. g3 f5 3. Bg2 Nf6 4. Nc3 g6 5. d4 e4 6. f3 exf3 7. Nxf3 Bg7 8. O-O
O-O 9. b3 d6 10. Qd3 c6 11. Bf4 Na6 12. Rad1 Qe7 13. Nd2 Ng4 14. Nf3 Re8 15. Bg5
Bf6 16. Bxf6 Nxf6 17. Nh4 Qe3+ 18. Qxe3 Rxe3 19. Rd3 Rxd3 20. exd3 Bd7 21. Re1
Kf7 22. a3 Nc7 23. Nf3 Re8 24. Rxe8 Bxe8 25. h3 h6 26. b4 g5 27. Kf2 Ne6 28. Ne2
Ke7 29. c5 Bh5 30. Nfg1 a6 31. Bf3 Bg6 32. Ke3 Nc7 33. Nc3 Ne6 34. Nge2 d5 35.
Nd1 Bf7 36. Nf2 Bg6 37. Nd1 Nc7 38. a4 Ne6 39. Ndc3 h5 40. b5 axb5 41. axb5 h4
42. gxh4 f4+ 43. Kf2 gxh4 44. bxc6 bxc6 45. Bg2 Bxd3 46. Kf3 Be4+ 47. Kf2 Kf7
48. Na4 Bd3 49. Nac3 Kg6 50. Bf3 Ne4+ 51. Kg2 Bxe2 52. Nxe2 Nd2 53. Bg4 Kf6 54.
Bxe6 Kxe6 55. Nxf4+ Kf5 56. Nd3 Nb3 57. Kf3 Nxd4+ 58. Ke3 Ne6 59. Kf3 d4 60. Nb4
Nxc5 61. Nxc6 d3 62. Ke3 d2 63. Nd4+ Kg5 64. Nf3+ Kh5 1/2-1/2

[Event "European Rapid 2022"]
[Site "Katowice POL"]
[Date "2022.12.18"]
[Round "10.60"]
[White "Froewis, Annika"]
[Black "Psyk, Radoslaw"]
[Result "0-1"]
[WhiteTitle "WFM"]
[WhiteElo "2114"]
[BlackElo "2438"]
[WhiteFideId "1621432"]
[BlackFideId "1182838"]
[EventDate "2022.12.17"]

1. d4 Nf6 2. Bf4 e6 3. e3 c5 4. c3 Be7 5. Nd2 b6 6. e4 cxd4 7. cxd4 O-O 8. a3
Bb7 9. Bd3 d6 10. h3 e5 11. Be3 exd4 12. Bxd4 Nc6 13. Ngf3 Nxd4 14. Nxd4 d5 15.
e5 Bc5 16. N2b3 Re8 17. f4 Ne4 18. O-O Qe7 19. Kh2 g6 20. Rc1 Rad8 21. Bb5 Rf8
22. Qe2 h5 23. Rfd1 Qh4 24. Qf3 Bc8 25. f5 Nf2 26. Rd2 Ng4+ 27. Kh1 Nxe5 28. Qf1
Bd6 29. Rc3 a6 30. g3 Qe4+ 31. Kh2 h4 32. Re2 hxg3+ 33. Rxg3 Qh4 34. Kg2 axb5
35. Nxb5 Ba6 36. Nxd6 Rxd6 37. Qe1 Bxe2 38. Qxe2 Qe4+ 39. Qxe4 dxe4 0-1

[Event "European Rapid 2022"]
[Site "Katowice POL"]
[Date "2022.12.18"]
[Round "10.61"]
[White "Gaponenko, Inna"]
[Black "Triadu Cassa, Jordi"]
[Result "1/2-1/2"]
[WhiteTitle "IM"]
[BlackTitle "CM"]
[WhiteElo "2341"]
[BlackElo "2195"]
[WhiteFideId "14101181"]
[BlackFideId "2241927"]
[EventDate "2022.12.17"]

1. e4 e5 2. Nf3 Nc6 3. Bb5 a6 4. Bxc6 dxc6 5. O-O Qd6 6. Na3 Be6 7. Qe2 f6 8. c3
Bg4 9. d4 O-O-O 10. Rd1 Qe6 11. Nc2 g5 12. dxe5 Rxd1+ 13. Qxd1 Bxf3 14. Qxf3
Qxe5 15. Ne3 Bd6 16. Qf5+ Qxf5 17. Nxf5 Ne7 18. Nxe7+ Bxe7 19. Be3 Kd7 20. Rd1+
Ke6 21. f3 h5 22. g3 h4 23. f4 hxg3 24. hxg3 gxf4 25. gxf4 Bd6 26. Kg2 Rg8+ 27.
Kf3 Rh8 28. Bf2 Rh2 29. Rf1 c5 30. c4 b5 31. b3 c6 32. Kg3 Rh7 33. Rg1 bxc4 34.
bxc4 Rb7 35. Kf3 Rb2 36. Be3 Kf7 37. Rh1 Kg7 38. Rd1 Be7 39. Rd7 Kf8 40. Rc7
Rxa2 41. Rxc6 Ra3 42. Ke2 Rc3 43. Bxc5 Bxc5 44. Rxc5 Ke7 45. Kd2 Rf3 46. Ra5
Rxf4 47. Ke3 Rh4 48. Rxa6 f5 49. exf5 Rxc4 50. Kf3 Kf7 51. Re6 Ra4 52. Re4 Rxe4
53. Kxe4 Kf6 54. Kf4 Kf7 55. Ke5 Ke7 56. f6+ Kf7 57. Kf5 Kf8 58. Kg6 Kg8 59. f7+
Kf8 60. Kf6 1/2-1/2

[Event "European Rapid 2022"]
[Site "Katowice POL"]
[Date "2022.12.18"]
[Round "10.62"]
[White "Kumor, Lukasz"]
[Black "Zimina, Olga"]
[Result "0-1"]
[BlackTitle "IM"]
[WhiteElo "2052"]
[BlackElo "2295"]
[WhiteFideId "1120573"]
[BlackFideId "4132190"]
[EventDate "2022.12.17"]

1. e4 e5 2. Nf3 Nc6 3. Bb5 Nf6 4. d3 d6 5. c3 h6 6. O-O Bd7 7. Nbd2 g5 8. Qe2
Bg7 9. Nc4 a6 10. Bxc6 Bxc6 11. d4 O-O 12. d5 Bd7 13. Nfd2 Qe7 14. Re1 c6 15.
Nb6 cxd5 16. Nxa8 Rxa8 17. exd5 Nxd5 18. Nc4 Be6 19. Rd1 b5 20. Ne3 Nf4 21. Qf1
d5 22. g3 Nh3+ 23. Kh1 d4 24. cxd4 exd4 25. Ng2 Bd5 26. f3 Qb7 27. Rd3 Bc4 28.
Ne1 g4 29. b3 Bxd3 30. Nxd3 gxf3 31. Bxh6 Bxh6 32. Qxh3 Re8 33. Qg4+ Kf8 34. Nf2
Be3 35. Qh4 Bxf2 36. Qh8+ Ke7 37. Qe5+ Kd7 38. Qf5+ Kd6 39. Qf4+ Re5 40. Rd1 Be3
41. Qf6+ Re6 42. Qd8+ Ke5 43. Qh8+ f6 44. h4 f2+ 45. Kh2 Qf3 46. Qb8+ Kf5 47.
Rf1 d3 48. Qd8 d2 49. Qd3+ Qe4 50. Qe2 Kg6 51. a4 bxa4 52. bxa4 Rd6 53. a5 f5
54. Rd1 Qd3 55. Qf3 f1=Q 56. h5+ Kg5 57. Rxf1 Qxf1 58. Qxe3+ Kg4 59. Qf4+ Qxf4
60. gxf4 d1=Q 0-1

[Event "European Rapid 2022"]
[Site "Katowice POL"]
[Date "2022.12.18"]
[Round "10.63"]
[White "Baum, Jonasz"]
[Black "Hnatyshyn, Anastasiia"]
[Result "1-0"]
[WhiteTitle "IM"]
[WhiteElo "2420"]
[BlackElo "2090"]
[WhiteFideId "1195360"]
[BlackFideId "14198339"]
[EventDate "2022.12.17"]

1. d4 d5 2. c4 e6 3. Nc3 Nf6 4. cxd5 exd5 5. Bg5 Be7 6. e3 c6 7. Bd3 O-O 8. Qc2
h6 9. Bh4 Re8 10. Nge2 Nbd7 11. O-O-O b5 12. Kb1 Ne4 13. Bxe7 Qxe7 14. Bxe4 dxe4
15. d5 c5 16. Nxb5 Ba6 17. Nec3 Rab8 18. Qa4 Qf6 19. Rd2 Bxb5 20. Nxb5 Nb6 21.
Qc2 Nxd5 22. Rxd5 Rxb5 23. Rhd1 Reb8 24. b3 a5 25. Rd6 Qe7 26. Rd7 Qf6 27. R1d6
Qf5 28. Rd5 Qf6 29. Qxe4 g6 30. Qe5 Qxe5 31. Rxe5 a4 32. Ree7 axb3 33. a4 Rb4
34. Rxf7 b2 35. Rg7+ Kh8 36. Rh7+ Kg8 37. Rdg7+ Kf8 38. Rxg6 Rxa4 39. Rh8+ Kf7
40. Rxb8 Kxg6 41. Kxb2 Ra6 42. Rc8 Rf6 43. f3 Re6 44. e4 Re5 45. Kc3 Kg5 46. g3
Kg6 47. Kc4 1-0

[Event "European Rapid 2022"]
[Site "Katowice POL"]
[Date "2022.12.18"]
[Round "10.64"]
[White "Novotny, Michal"]
[Black "Bergsson, Stefan"]
[Result "1-0"]
[WhiteTitle "FM"]
[WhiteElo "2250"]
[BlackElo "2172"]
[WhiteFideId "310980"]
[BlackFideId "2301393"]
[EventDate "2022.12.17"]

1. e4 e5 2. Nf3 Nc6 3. Nc3 Nf6 4. d4 exd4 5. Nxd4 Bb4 6. Nxc6 bxc6 7. Bd3 d5 8.
exd5 O-O 9. O-O cxd5 10. h3 c6 11. Qf3 Be6 12. Bf4 Re8 13. Rfd1 Bd6 14. Ne2 Rb8
15. b3 Rb4 16. a3 Rb7 17. b4 a5 18. Bxd6 Qxd6 19. bxa5 Ra7 20. a6 Bc8 21. Nd4
Bxa6 22. Nf5 Qc5 23. Qg3 Qf8 24. Re1 Rxe1+ 25. Rxe1 Bxd3 26. cxd3 Rxa3 27. Ne7+
Kh8 28. Nxc6 h6 29. Rc1 Qa8 30. Qe5 Rxd3 31. Ne7 Qa4 32. Rc8+ Ne8 33. Rxe8+ Qxe8
34. Ng6+ Kh7 35. Qxe8 fxg6 36. Qe2 Rd4 37. Kf1 Ra4 38. Qc2 Rc4 39. Qd3 Rc5 40.
Ke2 Ra5 41. h4 h5 42. g4 d4 43. f3 Re5+ 44. Kf2 Ra5 45. Qxd4 Rb5 46. Kg3 Ra5 47.
Qe4 Rb5 48. Qe8 Ra5 49. Qe4 Rb5 50. Qc4 Ra5 51. Kf4 Ra8 52. gxh5 Rf8+ 53. Kg4
gxh5+ 54. Kxh5 Rf6 55. Qe4+ Kg8 56. Kg5 Kh8 57. Qd3 Kg8 58. Qd8+ Rf8 59. Qe7 Ra8
60. Qe6+ Kh8 61. Kg6 Rf8 62. h5 Rg8 63. f4 1-0

[Event "European Rapid 2022"]
[Site "Katowice POL"]
[Date "2022.12.18"]
[Round "10.65"]
[White "Peyrer, Konstantin"]
[Black "Shpanko, Nadiia"]
[Result "1-0"]
[WhiteTitle "FM"]
[BlackTitle "WIM"]
[WhiteElo "2380"]
[BlackElo "2164"]
[WhiteFideId "1640879"]
[BlackFideId "14132400"]
[EventDate "2022.12.17"]

1. d4 d5 2. Nf3 Nf6 3. c4 e6 4. Nc3 a6 5. c5 b6 6. cxb6 cxb6 7. Bf4 Bd6 8. e3
O-O 9. Bd3 Qc7 10. Bg3 Nbd7 11. Rc1 Qb8 12. O-O h6 13. Qb3 Bb7 14. Na4 Bxg3 15.
hxg3 Qd6 16. Rc2 Rfc8 17. Rfc1 Rc6 18. Ne5 Rxc2 19. Rxc2 Rc8 20. Rxc8+ Bxc8 21.
Qc3 Bb7 22. b4 Ne4 23. Bxe4 dxe4 24. Nxd7 Qxd7 25. Nxb6 Qb5 26. Qc7 Qe2 27. Qd8+
Kh7 28. Nd7 Qd1+ 29. Kh2 Qh5+ 30. Qh4 Qd5 31. Nc5 Bc6 32. a3 g5 33. Qh5 Kg7 34.
Qe2 Bb5 35. Qc2 f5 36. a4 Bc4 37. Qb2 f4 38. b5 fxg3+ 39. fxg3 axb5 40. axb5 Qd8
41. b6 Qe8 42. g4 Qb8+ 43. g3 Bd5 44. b7 h5 45. gxh5 Kh6 46. Qf2 Kxh5 47. Kh3
Kg6 48. Nd7 Qxb7 49. Qf6+ Kh7 50. Qf7+ Kh6 51. Kg4 e5 52. Qh5+ Kg7 53. Qxg5+ Kf7
54. Nxe5+ Ke8 55. Qh5+ Kf8 56. Qh8+ Bg8 57. Qh6+ Ke8 58. Qc6+ 1-0

[Event "European Rapid 2022"]
[Site "Katowice POL"]
[Date "2022.12.18"]
[Round "10.66"]
[White "Asllani, Muhamet"]
[Black "Dubnevych, Maksym"]
[Result "0-1"]
[WhiteElo "2228"]
[BlackElo "2139"]
[WhiteFideId "22100300"]
[BlackFideId "14184001"]
[EventDate "2022.12.17"]

1. e4 c5 2. Nf3 Nc6 3. d4 cxd4 4. Nxd4 Nf6 5. Nc3 e5 6. Nxc6 bxc6 7. Bc4 Bb4 8.
O-O O-O 9. Bg5 h6 10. Bh4 Be7 11. Re1 d6 12. Bb3 Qc7 13. Qd2 Bb7 14. Rad1 Rad8
15. Qe3 Ba8 16. h3 Rfe8 17. Qf3 Rf8 18. Rd2 Nh7 19. Bxe7 Qxe7 20. Red1 Rd7 21.
Ne2 Rfd8 22. Ng3 g6 23. Qg4 Kh8 24. f4 h5 25. Qf3 exf4 26. Qxf4 h4 27. Ne2 Kg7
28. Rf1 Ng5 29. Nc3 Bb7 30. Kh1 Ba6 31. Rff2 Qe5 32. Qxh4 d5 33. exd5 cxd5 34.
Qd4 Qxd4 35. Rxd4 Bb7 36. Rfd2 Ne6 37. Ra4 Nc5 38. Ra5 Ne4 39. Rd4 Ng3+ 40. Kh2
Nf5 41. Rg4 Ne3 42. Rd4 Nf5 43. Rd2 d4 44. Nd1 Ne3 45. Kg1 Nf5 46. Rxa7 Nh4 47.
Rf2 Re8 48. Rxf7+ Rxf7 49. Bxf7 Re1+ 50. Kf2 Rxd1 51. Rxb7 Kf6 52. Ke2 Rg1 53.
Bd5 Nf5 54. c3 d3+ 55. Kd2 Ke5 56. Bf3 Nd6 57. Rb4 0-1

[Event "European Rapid 2022"]
[Site "Katowice POL"]
[Date "2022.12.18"]
[Round "10.67"]
[White "Morkunas, Gustas"]
[Black "Berend, Elvira"]
[Result "1-0"]
[WhiteTitle "FM"]
[BlackTitle "WGM"]
[WhiteElo "2110"]
[BlackElo "2318"]
[WhiteFideId "12831026"]
[BlackFideId "4000510"]
[EventDate "2022.12.17"]

1. e4 c5 2. Nf3 d6 3. d4 cxd4 4. Nxd4 Nf6 5. Nc3 a6 6. h3 e5 7. Nde2 h5 8. g3
Be7 9. Bg2 b5 10. Nd5 Nxd5 11. Qxd5 Ra7 12. Be3 Rb7 13. O-O-O Nd7 14. Qd2 b4 15.
Kb1 Nb6 16. b3 a5 17. f4 Qc7 18. Bf3 Bd7 19. g4 h4 20. g5 O-O 21. f5 Ra8 22. f6
Bf8 23. g6 fxg6 24. fxg7 Kxg7 25. Rhg1 Be8 26. Bh6+ Kg8 27. Bxf8 Kxf8 28. Qh6+
Qg7 29. Qxh4 Rf7 30. Bg4 Rf6 31. Rgf1 g5 32. Rxf6+ Qxf6 33. Qe1 Nd7 34. Qd2 Nc5
35. Ng3 Kg8 36. Qd5+ 1-0

[Event "European Rapid 2022"]
[Site "Katowice POL"]
[Date "2022.12.18"]
[Round "10.68"]
[White "Kacprzak, Kacper"]
[Black "Spalir, Jernej"]
[Result "1/2-1/2"]
[BlackTitle "IM"]
[WhiteElo "2289"]
[BlackElo "2377"]
[WhiteFideId "21819319"]
[BlackFideId "14606518"]
[EventDate "2022.12.17"]

1. e4 e5 2. Nf3 Nc6 3. Bb5 a6 4. Ba4 Nf6 5. O-O Be7 6. d3 b5 7. Bb3 d6 8. a3 O-O
9. Nc3 Na5 10. Ba2 Be6 11. b4 Bxa2 12. Rxa2 Nc6 13. Nd5 h6 14. c4 Nd4 15. Nxd4
exd4 16. Rc2 bxc4 17. Rxc4 Nxd5 18. exd5 Bf6 19. Bb2 Re8 20. Qc2 Qd7 21. Bxd4
Bxd4 22. Rxd4 a5 23. h3 axb4 24. axb4 Re5 25. Rc1 Ra7 26. Qc4 Qf5 27. Re4 Rxe4
28. dxe4 Qf4 29. Re1 Qd2 30. Rf1 g6 31. b5 h5 32. Qb3 Qd4 33. Qc2 Rb7 34. Rd1
Qe5 35. Rb1 h4 36. Qc4 1/2-1/2

[Event "European Rapid 2022"]
[Site "Katowice POL"]
[Date "2022.12.18"]
[Round "10.69"]
[White "Maly, Alexey"]
[Black "Grochowski, Krzysztof"]
[Result "1-0"]
[WhiteTitle "IM"]
[WhiteElo "2370"]
[BlackElo "2035"]
[WhiteFideId "14103184"]
[BlackFideId "1127730"]
[EventDate "2022.12.17"]

1. d4 Nf6 2. c4 e5 3. dxe5 Ne4 4. a3 d6 5. Nf3 Nc6 6. Qc2 Bf5 7. Nc3 Ng3 8. e4
Nxh1 9. exf5 dxe5 10. Bg5 Be7 11. Bxe7 Qxe7 12. Nd5 Qd6 13. O-O-O Nd4 14. Nxd4
exd4 15. Qe2+ Kf8 16. g3 c6 17. Nf4 g5 18. Nh5 g4 19. Bg2 Qh6+ 20. Nf4 d3 21.
Qe5 Rg8 22. Bxh1 Re8 23. Qc5+ Kg7 24. Qd4+ Kf8 25. Rxd3 Qxh2 26. Ne6+ Rxe6 27.
fxe6 Qxh1+ 28. Kc2 Qe1 29. Qd8+ Kg7 30. Qg5+ Kh8 31. Qf6+ 1-0

[Event "European Rapid 2022"]
[Site "Katowice POL"]
[Date "2022.12.18"]
[Round "10.70"]
[White "Aymerich Verdaguer, Eduard"]
[Black "Maier, Christian"]
[Result "0-1"]
[WhiteTitle "CM"]
[BlackTitle "IM"]
[WhiteElo "2208"]
[BlackElo "2315"]
[WhiteFideId "32049293"]
[BlackFideId "4601955"]
[EventDate "2022.12.17"]

1. d4 Nf6 2. c4 e6 3. Nf3 d5 4. Nc3 Bb4 5. Bg5 h6 6. Bxf6 Qxf6 7. e3 Nc6 8. Bd3
dxc4 9. Bxc4 O-O 10. O-O Rd8 11. Ne4 Qe7 12. Qe2 Bd7 13. Rac1 Be8 14. a3 Bd6 15.
b4 e5 16. d5 Nb8 17. Ng3 a5 18. Nf5 Qf6 19. e4 Bd7 20. g4 axb4 21. axb4 Na6 22.
b5 Nc5 23. h4 Bxf5 24. gxf5 Ra3 25. Ra1 Rda8 26. Rxa3 Rxa3 27. Re1 b6 28. Kg2 g6
29. fxg6 fxg6 30. h5 Qf4 31. Nh2 Qg5+ 32. Kh1 Qxh5 33. f3 Kg7 34. Rg1 Qh3 35.
Qf2 Rc3 36. Bf1 Qh5 37. Qb2 Rb3 38. Qa1 Qh4 39. Qa8 Rxf3 40. Qe8 g5 41. Bg2 Rf8
42. Qc6 Nxe4 43. Rc1 Ng3+ 44. Kg1 Qd4# 0-1

[Event "European Rapid 2022"]
[Site "Katowice POL"]
[Date "2022.12.18"]
[Round "10.71"]
[White "Hulka, Valentyn"]
[Black "Voege, Tobias"]
[Result "1/2-1/2"]
[WhiteTitle "CM"]
[BlackTitle "FM"]
[WhiteElo "2222"]
[BlackElo "2300"]
[WhiteFideId "34107061"]
[BlackFideId "1270513"]
[EventDate "2022.12.17"]

1. e4 c5 2. Nf3 Nc6 3. Bb5 g6 4. Bxc6 bxc6 5. d4 cxd4 6. Qxd4 Nf6 7. e5 Nd5 8.
O-O Bg7 9. Qh4 f6 10. Bh6 O-O 11. Bxg7 Kxg7 12. c4 Nc7 13. Nc3 d5 14. exd6 Qxd6
15. Rad1 Qc5 16. b3 e5 17. Rfe1 Bf5 18. Ne4 Qe7 19. Nd6 Rae8 20. Nxe8+ Rxe8 21.
Nd4 Bd7 22. Qe4 f5 23. Qf3 e4 24. Qg3 Na6 25. Qc3 Kg8 26. Qa5 Nb8 27. Qxa7 f4
28. Qc7 Qf6 29. Ne2 g5 30. Rxd7 Nxd7 31. Qxd7 Rd8 32. Qg4 h6 33. h4 e3 34. fxe3
fxe3 35. Rf1 Qxf1+ 36. Kh2 Qf6 37. Qe4 Qd6+ 38. Kh3 gxh4 39. Kxh4 Qh2+ 40. Kg4
h5+ 41. Kf3 Qd6 42. Kxe3 Qd2+ 43. Kf2 Rf8+ 44. Kg1 Qe1+ 45. Kh2 h4 46. Qg6+ Kh8
47. Qh5+ Kg7 48. Qg5+ Kh7 49. Qh5+ Kg7 50. Qg5+ Kh7 1/2-1/2

[Event "European Rapid 2022"]
[Site "Katowice POL"]
[Date "2022.12.18"]
[Round "10.72"]
[White "Vardanyan, Aras"]
[Black "Zamekhovskiy, Yevgen"]
[Result "1-0"]
[WhiteTitle "CM"]
[WhiteElo "2271"]
[BlackElo "2095"]
[WhiteFideId "12808792"]
[BlackFideId "14174413"]
[EventDate "2022.12.17"]

1. c4 Nf6 2. Nc3 g6 3. e4 d6 4. d4 Bg7 5. Be2 O-O 6. Nf3 e5 7. d5 Na6 8. Bg5 h6
9. Bh4 g5 10. Bg3 Nh5 11. O-O Nf4 12. Nd2 f5 13. exf5 Bxf5 14. Bg4 Qd7 15. Bxf5
Qxf5 16. Nde4 Nb4 17. Qb3 Nbd3 18. Qxb7 Ne2+ 19. Nxe2 Qxe4 20. Nc3 Qxc4 21. Qc6
Qxc6 22. dxc6 Nb4 23. Rac1 Nxc6 24. Nd5 Nd4 25. Rxc7 Rf7 26. Rc4 Rb7 27. b3 Rab8
28. f3 Rb5 29. Ne3 Ra5 30. Rf2 Rb7 31. Kf1 Kf7 32. Rxd4 exd4 33. Nc4 Rd5 34.
Nxd6+ Rxd6 35. Bxd6 Ke6 36. Bg3 a5 37. Rc2 Bf6 38. Rc6+ Kf7 39. Rc7+ Rxc7 40.
Bxc7 a4 41. bxa4 Ke6 42. Ke2 Kd7 43. Bg3 Kc6 44. Kd3 Kd5 45. Bf2 Be5 46. h3 h5
47. g4 hxg4 48. fxg4 Kc5 49. a5 Kd5 1-0